Diverzifikácia ako forma ochrany podnikových aktív
Teória a prax eliminácie rizika pre oblasť investičných aktív. Schopnosť diverzifikácie rizika postavená na báze testovania modelových portfólií a analýzy získaných výsledkov. Riziko v podniku a možné prístupy eliminácie vplyvu rizika na podnikateľský subjekt. Diverzifikácia rizika a jej schopnosť z...
Salvato in:
| Autore principale: | |
|---|---|
| Natura: | Capitolo di libro |
| Lingua: | slovacco |
| Soggetti: | |
| Tags: |
Nessun Tag, puoi essere il primo ad aggiungerne!!
|
MARC
| LEADER | 00000nla$a2200000$$$4500 | ||
|---|---|---|---|
| 001 | 0094120 | ||
| 005 | 20240521074455.6 | ||
| 041 | 0 | |a slo | |
| 044 | |a CZ | ||
| 245 | 1 | 0 | |a Diverzifikácia ako forma ochrany podnikových aktív |c Branislav Rajčáni |
| 520 | |a Teória a prax eliminácie rizika pre oblasť investičných aktív. Schopnosť diverzifikácie rizika postavená na báze testovania modelových portfólií a analýzy získaných výsledkov. Riziko v podniku a možné prístupy eliminácie vplyvu rizika na podnikateľský subjekt. Diverzifikácia rizika a jej schopnosť znižovať celkové riziko portfólia rizikových aktív. Trendy a výzvy pre teóriu a prax eliminácie rizika prostredníctvom diverzifikácie. | ||
| 610 | 2 | 0 | |a diverzifikácia |
| 610 | 2 | 0 | |a podnik |
| 610 | 2 | 0 | |a aktíva |
| 610 | 2 | 0 | |a riziko |
| 610 | 2 | 0 | |a portfólio |
| 610 | 2 | 0 | |a financie |
| 610 | 2 | 0 | |a modelovanie |
| 610 | 2 | 0 | |a analýzy |
| 100 | 1 | |a Rajčáni, Branislav | |